| 000 | 00757cam a2200253 i 4500 | ||
|---|---|---|---|
| 999 |
_c4581 _d4581 |
||
| 001 | 818406 | ||
| 003 | OSt | ||
| 005 | 20181210155953.0 | ||
| 008 | 761130s1976 nju 000 0aeng | ||
| 010 | _a 76041065 | ||
| 020 |
_a0882702009 : _c$5.95. _a0882702017 |
||
| 040 |
_aDLC _cDLC _dDLC |
||
| 050 | 0 | 0 |
_aBR1725.S54 _bA33 |
| 082 | 0 | 0 |
_a269.26 _aB _bS642M |
| 100 | 1 |
_aSmith, Malcolm, _d1938- |
|
| 245 | 1 | 0 |
_aFollow me! : _bThe apprenticing of disciples / _cMalcolm Smith. |
| 260 |
_aPlainfield, N.J. : _bLogos International, _cc1976. |
||
| 300 |
_a168 p. ; _c22 cm. |
||
| 600 | 1 | 0 |
_aSmith, Malcolm, _d1938- |
| 650 | 0 |
_aClergy _zNew Jersey _xBiography. |
|
| 650 | 0 | _aChristian life. | |
| 906 |
_a7 _bcbc _corignew _d2 _eocip _f19 _gy-gencatlg |
||
| 942 |
_2ddc _cBK |
||